[Event "NOR-chT Eliteserien 2018-19"]
[Site "Norway"]
[Date "2019.01.12"]
[Round "5"]
[White "Skrondal, Inge Sandstad"]
[Black "Klukin, Kirill"]
[Result "1/2-1/2"]
[WhiteElo "2281"]
[BlackElo "2326"]
[Annotator "NA"]
[PlyCount "172"]
[EventDate "2018.11.02"]
[EventType "team-tourn"]
[EventCountry "NOR"]
[SourceTitle "playchess.com"]
[Source "ChessBase"]
[SourceQuality "1"]
[TimeControl "40/5400+30:1800+30"]

1. e4 {[%emt 0:00:00]} c5 {[%emt 0:00:00]} 2. Nf3 {[%emt 0:00:00]} Nc6 {[%emt 0:00:00]} 3. d4 {[%emt 0:00:35]} cxd4 {[%emt 0:00:00]} 4. Nxd4 {[%emt 0:00:04]} e5 {[%emt 0:00:25]} 5. Nb5 {[%emt 0:00:34]} d6 {[%emt 0:00:00]} 6. N1c3 {[%emt 0:01:53]} a6 {[%emt 0:00:00]} 7. Na3 {[%emt 0:00:07]} Be7 {[%emt 0:00:07]} 8. Be3 {[%emt 0:00:28]} Nf6 {[%emt 0:02:28]} 9. Nc4 {[%emt 0:02:43]} Be6 {[%emt 0:11:22]} 10. Nb6 {[%emt 0:00:41]} Rb8 {[%emt 0:00:19]} 11. Be2 {[%emt 0:00:16]} O-O {[%emt 0:05:51]} 12. O-O {[%emt 0:00:07]} Nd7 {[%emt 0:02:41]} 13. Ncd5 {[%emt 0:00:13]} Bxd5 {[%emt 0:06:29]} 14. Nxd5 {[%emt 0:01:03]} Bg5 {[%emt 0:00:39]} 15. Qd2 {[%emt 0:16:13]} Bxe3 {[%emt 0:03:59]} 16. Qxe3 {[%emt 0:00:25]} Nd4 {[%emt 0:10:24]} 17. Bd3 {[%emt 0:02:33]} Nf6 {[%emt 0:00:56]} 18. c3 {[%emt 0:03:30]} Ne6 {[%emt 0:00:14]} 19. Bc4 {[%emt 0:01:07]} Nxd5 {[%emt 0:13:51]} 20. Bxd5 {[%emt 0:00:11]} Nf4 {[%emt 0:00:06]} 21. Rad1 {[%emt 0:04:33]} Qc7 {[%emt 0:00:08]} 22. g3 {[%emt 0:06:48]} Ng6 {[%emt 0:01:15]} 23. Rd3 {[%emt 0:01:18]} b5 {[%emt 0:03:14]} 24. Rfd1 {[%emt 0:03:12]} Rfd8 {[%emt 0:00:28]} 25. Kg2 {[%emt 0:07:04]} Nf8 {[%emt 0:04:04]} 26. Bb3 {[%emt 0:05:23]} a5 {[%emt 0:04:56]} 27. Qd2 {[%emt 0:02:58]} Rb6 {[%emt 0:06:57]} 28. a3 {[%emt 0:03:33]} Ne6 {[%emt 0:01:35]} 29. Rd5 {[%emt 0:09:35]} g6 {[%emt 0:05:33]} 30. h4 {[%emt 0:03:01]} b4 {[%emt 0:03:45]} 31. axb4 {[%emt 0:01:58]} axb4 {[%emt 0:00:07]} 32. cxb4 {[%emt 0:00:27]} Nd4 {[%emt 0:01:52]} 33. Rxd4 {[%emt 0:06:14]} exd4 {[%emt 0:00:06]} 34. h5 {[%emt 0:00:03]} Qe7 {[%emt 0:09:07]} 35. Qxd4 {[%emt 0:02:38]} Rdb8 {[%emt 0:01:03]} 36. h6 {[%emt 0:06:44]} Qf8 {[%emt 0:01:15]} 37. Qf6 {[%emt 0:02:56]} d5 {[%emt 0:01:31]} 38. Qf4 {[%emt 0:03:06]} Qd6 {[%emt 0:01:16]} 39. Qxd6 {[%emt 0:00:20]} Rxd6 {[%emt 0:00:01]} 40. Bxd5 {[%emt 0:00:04]} Kf8 {[%emt 0:01:01]} 41. Ra1 {[%emt 0:06:20]} g5 {[%emt 0:11:47]} 42. Ra7 {[%emt 0:02:42]} Rf6 {[%emt 0:00:24]} 43. b3 {[%emt 0:11:17]} Rxb4 {[%emt 0:02:47]} 44. e5 {[%emt 0:02:54]} Rf5 {[%emt 0:01:24]} 45. Ra8+ {[%emt 0:04:24]} Ke7 {[%emt 0:00:05]} 46. Ra7+ {[%emt 0:00:11]} Kf8 {[%emt 0:00:03]} 47. Bc4 {[%emt 0:03:11]} Rb6 {[%emt 0:02:42]} 48. e6 {[%emt 0:00:03]} fxe6 {[%emt 0:01:44]} 49. Rxh7 {[%emt 0:00:03]} Rf6 {[%emt 0:01:34]} 50. Rh8+ {[%emt 0:03:29]} Kf7 {[%emt 0:00:33]} 51. Be2 {[%emt 0:02:10]} g4 {[%emt 0:08:05]} 52. Bxg4 {[%emt 0:01:08]} Rb5 {[%emt 0:01:27]} 53. Be2 {[%emt 0:01:57]} Rd5 {[%emt 0:00:55]} 54. b4 {[%emt 0:00:44]} Kg6 {[%emt 0:01:29]} 55. b5 {[%emt 0:00:45]} e5 {[%emt 0:00:17]} 56. Bf3 {[%emt 0:00:45]} Rd4 {[%emt 0:00:27]} 57. Bc6 {[%emt 0:00:28]} Kg5 {[%emt 0:01:38]} 58. h7 {[%emt 0:01:12]} Kh6 {[%emt 0:00:31]} 59. b6 {[%emt 0:00:35]} Rxc6 {[%emt 0:01:33]} 60. b7 {[%emt 0:00:02]} Rb6 {[%emt 0:00:50]} 61. b8=Q {[%emt 0:00:16]} Rxb8 {[%emt 0:00:03]} 62. Rxb8 {[%emt 0:00:06]} Kxh7 {[%emt 0:00:01]} 63. Re8 {[%emt 0:01:13]} Rd5 {[%emt 0:01:11]} 64. Kf3 {[%emt 0:00:26]} Kg6 {[%emt 0:00:28]} 65. Ke4 {[%emt 0:00:32]} Rd2 {[%emt 0:00:07]} 66. Ke3 {[%emt 0:00:44]} Rd5 {[%emt 0:00:17]} 67. Ke4 {[%emt 0:00:04]} Rd2 {[%emt 0:00:04]} 68. Rf8 {[%emt 0:00:03]} Re2+ {[%emt 0:00:37]} 69. Kd5 {[%emt 0:00:18]} Kg5 {[%emt 0:01:40]} 70. f3 {[%emt 0:00:23]} Re3 {[%emt 0:00:37]} 71. Ke6 {[%emt 0:01:30]} Kg6 {[%emt 0:00:27]} 72. g4 {[%emt 0:00:27]} Kg7 {[%emt 0:00:34]} 73. Rf5 {[%emt 0:00:41]} Kg6 {[%emt 0:00:15]} 74. Rf8 {[%emt 0:00:15]} Kg7 {[%emt 0:00:04]} 75. Rf6 {[%emt 0:00:49]} e4 {[%emt 0:01:10]} 76. f4 {[%emt 0:00:08]} Rg3 {[%emt 0:00:32]} 77. g5 {[%emt 0:00:23]} e3 {[%emt 0:00:07]} 78. Kf5 {[%emt 0:00:26]} e2 {[%emt 0:00:12]} 79. Re6 {[%emt 0:00:05]} Rg2 {[%emt 0:00:00]} 80. Re3 {[%emt 0:01:18]} Kf7 {[%emt 0:01:37]} 81. Re4 {[%emt 0:00:33]} Kg7 {[%emt 0:00:20]} 82. Re6 {[%emt 0:00:46]} Kf7 {[%emt 0:00:05]} 83. Re4 {[%emt 0:00:27]} Kg7 {[%emt 0:00:04]} 84. Re7+ {[%emt 0:00:20]} Kf8 {[%emt 0:00:09]} 85. Re3 {[%emt 0:00:22]} Kf7 {[%emt 0:00:07]} 86. Ke4 {[%emt 0:00:05]} Rf2 {[%emt 0:01:35]} 1/2-1/2

[Event "NOR-chT Eliteserien 2018-19"]
[Site "Norway"]
[Date "2019.01.12"]
[Round "5"]
[White "Storme, Isak"]
[Black "Getz, Nicolai"]
[Result "0-1"]
[WhiteElo "2271"]
[BlackElo "2392"]
[Annotator "NA"]
[PlyCount "72"]
[EventDate "2018.11.02"]
[EventType "team-tourn"]
[EventCountry "NOR"]
[SourceTitle "playchess.com"]
[Source "ChessBase"]
[SourceQuality "1"]
[TimeControl "40/5400+30:1800+30"]

1. e4 {[%emt 0:00:00]} e5 {[%emt 0:00:00]} 2. Nf3 {[%emt 0:00:00]} Nc6 {[%emt 0:00:00]} 3. Bc4 {[%emt 0:00:00]} Bc5 {[%emt 0:00:00]} 4. O-O {[%emt 0:00:23]} Nf6 {[%emt 0:00:13]} 5. d3 {[%emt 0:00:09]} d6 {[%emt 0:02:02]} 6. c3 {[%emt 0:00:27]} Bb6 {[%emt 0:01:41]} 7. a4 {[%emt 0:07:05]} O-O {[%emt 0:02:02]} 8. Bg5 {[%emt 0:01:47]} h6 {[%emt 0:00:10]} 9. Bh4 {[%emt 0:00:13]} a6 {[%emt 0:03:06]} 10. Na3 {[%emt 0:10:34]} Be6 {[%emt 0:05:40]} 11. Bxe6 {[%emt 0:14:37]} fxe6 {[%emt 0:00:10]} 12. Re1 {[%emt 0:04:47]} Qe8 {[%emt 0:04:01]} 13. Nc4 {[%emt 0:02:47]} Ba7 {[%emt 0:00:05]} 14. d4 {[%emt 0:01:40]} exd4 {[%emt 0:00:28]} 15. cxd4 {[%emt 0:00:53]} g5 {[%emt 0:22:51]} 16. Bg3 {[%emt 0:07:47]} Nh5 {[%emt 0:01:14]} 17. d5 {[%emt 0:02:42]} Nxg3 {[%emt 0:01:28]} 18. hxg3 {[%emt 0:02:47]} Ne7 {[%emt 0:02:39]} 19. dxe6 {[%emt 0:09:06]} Qg6 {[%emt 0:00:51]} 20. Ne3 {[%emt 0:10:12]} Qxe6 {[%emt 0:13:17]} 21. Nd5 {[%emt 0:05:42]} Nxd5 {[%emt 0:05:14]} 22. exd5 {[%emt 0:00:17]} Qf5 {[%emt 0:03:16]} 23. Re6 {[%emt 0:05:24]} Rf6 {[%emt 0:13:37]} 24. g4 {[%emt 0:01:00]} Qf4 {[%emt 0:01:09]} 25. Qb3 {[%emt 0:01:45]} Raf8 {[%emt 0:03:47]} 26. Rxf6 {[%emt 0:02:05]} Rxf6 {[%emt 0:00:34]} 27. Qxb7 {[%emt 0:00:57]} Bc5 {[%emt 0:00:21]} 28. Qc8+ {[%emt 0:04:54]} Rf8 {[%emt 0:00:04]} 29. Qe6+ {[%emt 0:00:09]} Kg7 {[%emt 0:00:04]} 30. Re1 {[%emt 0:02:56]} Qxa4 {[%emt 0:03:07]} 31. Qe7+ {[%emt 0:01:07]} Rf7 {[%emt 0:00:07]} 32. Qd8 {[%emt 0:00:12]} Qc2 {[%emt 0:04:44]} 33. Re8 {[%emt 0:00:29]} Bxf2+ {[%emt 0:01:03]} 34. Kf1 {[%emt 0:00:50]} Bd4 {[%emt 0:00:08]} 35. Re2 {[%emt 0:01:16]} Rxf3+ {[%emt 0:00:18]} 36. gxf3 {[%emt 0:00:11]} Qd1+ {[%emt 0:00:06]} 0-1

[Event "NOR-chT Eliteserien 2018-19"]
[Site "Norway"]
[Date "2019.01.12"]
[Round "5"]
[White "Aulin-Jansson, Joran"]
[Black "Lundeby, Oyvind Andersen"]
[Result "1-0"]
[WhiteElo "2258"]
[BlackElo "2152"]
[Annotator "NA"]
[PlyCount "65"]
[EventDate "2018.11.02"]
[EventType "team-tourn"]
[EventCountry "NOR"]
[SourceTitle "playchess.com"]
[Source "ChessBase"]
[SourceQuality "1"]
[TimeControl "40/5400+30:1800+30"]

1. e4 {[%emt 0:00:00]} d5 {[%emt 0:00:00]} 2. Nc3 {[%emt 0:00:00]} c6 {[%emt 0:02:26]} 3. Nf3 {[%emt 0:00:00]} Bg4 {[%emt 0:00:07]} 4. h3 {[%emt 0:00:00]} Bxf3 {[%emt 0:00:15]} 5. Qxf3 {[%emt 0:00:00]} e6 {[%emt 0:00:16]} 6. d3 {[%emt 0:00:00]} Nf6 {[%emt 0:03:55]} 7. g4 {[%emt 0:03:00]} Bb4 {[%emt 0:02:32]} 8. Bd2 {[%emt 0:00:39]} d4 {[%emt 0:05:57]} 9. Nb1 {[%emt 0:01:08]} Qb6 {[%emt 0:03:17]} 10. Be2 {[%emt 0:05:53]} Bxd2+ {[%emt 0:14:55]} 11. Nxd2 {[%emt 0:00:07]} Qa5 {[%emt 0:01:11]} 12. a3 {[%emt 0:03:34]} O-O {[%emt 0:06:12]} 13. g5 {[%emt 0:02:52]} Qxg5 {[%emt 0:05:11]} 14. O-O-O {[%emt 0:00:09]} e5 {[%emt 0:01:10]} 15. Rdg1 {[%emt 0:02:26]} Qf4 {[%emt 0:03:21]} 16. Qg2 {[%emt 0:05:12]} g6 {[%emt 0:03:32]} 17. h4 {[%emt 0:00:21]} h5 {[%emt 0:01:11]} 18. Rh3 {[%emt 0:01:59]} Nbd7 {[%emt 0:01:09]} 19. Kd1 {[%emt 0:03:00]} Kh8 {[%emt 0:02:14]} 20. Nc4 {[%emt 0:14:12]} Ne8 {[%emt 0:10:26]} 21. Rg3 {[%emt 0:02:13]} b5 {[%emt 0:03:41]} 22. Na5 {[%emt 0:03:00]} Ng7 {[%emt 0:06:17]} 23. Nxc6 {[%emt 0:00:41]} Qxh4 {[%emt 0:06:09]} 24. Rh1 {[%emt 0:04:26]} Qf6 {[%emt 0:01:49]} 25. Nb4 {[%emt 0:00:13]} Nb6 {[%emt 0:01:22]} 26. Rg5 {[%emt 0:02:32]} Rfe8 {[%emt 0:06:12]} 27. Bxh5 {[%emt 0:01:34]} Nxh5 {[%emt 0:01:11]} 28. Rgxh5+ {[%emt 0:00:32]} Kg7 {[%emt 0:00:06]} 29. Rh7+ {[%emt 0:04:31]} Kf8 {[%emt 0:00:05]} 30. R1h3 {[%emt 0:00:18]} Ke7 {[%emt 0:02:41]} 31. Rf3 {[%emt 0:01:19]} Qe6 {[%emt 0:00:19]} 32. Qg5+ {[%emt 0:00:29]} Kd6 {[%emt 0:02:22]} 33. Rf6 {[%emt 0:00:23] Kd5 [%emt 00:00:13]} 1-0

[Event "NOR-chT Eliteserien 2018-19"]
[Site "Norway"]
[Date "2019.01.12"]
[Round "5"]
[White "Nordquelle, Daniel"]
[Black "Frisvold, Ole Emil"]
[Result "1-0"]
[WhiteElo "2235"]
[BlackElo "2131"]
[Annotator "NA"]
[PlyCount "77"]
[EventDate "2018.11.02"]
[EventType "team-tourn"]
[EventCountry "NOR"]
[SourceTitle "playchess.com"]
[Source "ChessBase"]
[SourceQuality "1"]
[TimeControl "40/5400+30:1800+30"]

1. e4 {[%emt 0:00:00]} c5 {[%emt 0:00:00]} 2. Nc3 {[%emt 0:00:00]} Nc6 {[%emt 0:00:00]} 3. Bb5 {[%emt 0:00:00]} Nd4 {[%emt 0:00:18]} 4. Bc4 {[%emt 0:00:00]} e6 {[%emt 0:01:04]} 5. Nge2 {[%emt 0:00:03]} Nf6 {[%emt 0:03:06]} 6. d3 {[%emt 0:00:08]} a6 {[%emt 0:09:34]} 7. Nxd4 {[%emt 0:01:32]} cxd4 {[%emt 0:00:04]} 8. Ne2 {[%emt 0:00:11]} Bc5 {[%emt 0:09:40]} 9. Bb3 {[%emt 0:03:23]} d6 {[%emt 0:03:43]} 10. O-O {[%emt 0:00:28]} b5 {[%emt 0:15:44]} 11. Bg5 {[%emt 0:02:55]} Qc7 {[%emt 0:05:10]} 12. Ng3 {[%emt 0:04:48]} Ng8 {[%emt 0:10:10]} 13. Nh5 {[%emt 0:02:51]} f6 {[%emt 0:00:50]} 14. Bd2 {[%emt 0:09:23]} Qf7 {[%emt 0:09:32]} 15. Qg4 {[%emt 0:05:18]} Qg6 {[%emt 0:05:41]} 16. Qh4 {[%emt 0:04:46]} Qf7 {[%emt 0:07:53]} 17. Qh3 {[%emt 0:02:22]} Ra7 {[%emt 0:01:54]} 18. f4 {[%emt 0:11:35]} g6 {[%emt 0:03:57]} 19. Ng3 {[%emt 0:00:13]} f5 {[%emt 0:00:32]} 20. exf5 {[%emt 0:07:15]} gxf5 {[%emt 0:00:07]} 21. Rae1 {[%emt 0:00:33]} Re7 {[%emt 0:00:35]} 22. Re2 {[%emt 0:00:38]} Qg6 {[%emt 0:01:54]} 23. Rfe1 {[%emt 0:00:14]} d5 {[%emt 0:00:16]} 24. a3 {[%emt 0:02:16]} Nf6 {[%emt 0:01:42]} 25. Bb4 {[%emt 0:00:57]} Bxb4 {[%emt 0:07:42]} 26. axb4 {[%emt 0:00:10]} Ng4 {[%emt 0:00:33]} 27. Bxd5 {[%emt 0:00:49]} Ne3 {[%emt 0:00:34]} 28. Bf3 {[%emt 0:00:29]} Qg7 {[%emt 0:01:06]} 29. Nf1 {[%emt 0:01:09]} Nxf1 {[%emt 0:00:35]} 30. Kxf1 {[%emt 0:00:06]} O-O {[%emt 0:00:24]} 31. Bd5 {[%emt 0:00:46]} Rfe8 {[%emt 0:00:30]} 32. Qxf5 {[%emt 0:03:31]} Kh8 {[%emt 0:00:34]} 33. Qh5 {[%emt 0:00:42]} Rf8 {[%emt 0:00:24]} 34. g3 {[%emt 0:00:19]} Rf5 {[%emt 0:00:34]} 35. Qxf5 {[%emt 0:00:56]} exf5 {[%emt 0:00:25]} 36. Rxe7 {[%emt 0:00:10]} Qh6 {[%emt 0:00:28]} 37. Re8+ {[%emt 0:00:27]} Kg7 {[%emt 0:00:05]} 38. R1e7+ {[%emt 0:00:14]} Kg6 {[%emt 0:00:23]} 39. Rg8+ {[%emt 0:00:23]} 1-0

[Event "NOR-chT Eliteserien 2018-19"]
[Site "Norway"]
[Date "2019.01.12"]
[Round "5"]
[White "Nielsen, Andre"]
[Black "Andersen, Alf Roger"]
[Result "0-1"]
[WhiteElo "2211"]
[BlackElo "2251"]
[Annotator "NA"]
[PlyCount "52"]
[EventDate "2018.11.02"]
[EventType "team-tourn"]
[EventCountry "NOR"]
[SourceTitle "playchess.com"]
[Source "ChessBase"]
[SourceQuality "1"]
[TimeControl "40/5400+30:1800+30"]

1. e4 {[%emt 0:00:00]} c6 {[%emt 0:00:00]} 2. d4 {[%emt 0:00:00]} d5 {[%emt 0:00:00]} 3. Nc3 {[%emt 0:00:01]} dxe4 {[%emt 0:00:00]} 4. Nxe4 {[%emt 0:00:10]} Nf6 {[%emt 0:00:00]} 5. Nxf6+ {[%emt 0:00:44]} exf6 {[%emt 0:00:05]} 6. Bc4 {[%emt 0:02:05]} Bd6 {[%emt 0:02:01]} 7. Qe2+ {[%emt 0:01:01]} Be7 {[%emt 0:00:16]} 8. Nf3 {[%emt 0:01:02]} O-O {[%emt 0:01:14]} 9. O-O {[%emt 0:01:21]} Bd6 {[%emt 0:07:17]} 10. Re1 {[%emt 0:03:00]} Na6 {[%emt 0:08:56]} 11. Nh4 {[%emt 0:13:41]} Nc7 {[%emt 0:17:07]} 12. Qh5 {[%emt 0:12:49]} Be6 {[%emt 0:02:59]} 13. Bd3 {[%emt 0:04:01]} g6 {[%emt 0:01:25]} 14. Qf3 {[%emt 0:04:05]} f5 {[%emt 0:08:43]} 15. g3 {[%emt 0:09:45]} Be7 {[%emt 0:07:09]} 16. Bf4 {[%emt 0:10:04]} Bd5 {[%emt 0:19:02]} 17. Qe3 {[%emt 0:03:52]} Bxh4 {[%emt 0:08:19]} 18. gxh4 {[%emt 0:01:06]} Re8 {[%emt 0:02:02]} 19. Qg3 {[%emt 0:13:58]} Ne6 {[%emt 0:08:45]} 20. c4 {[%emt 0:05:35]} Be4 {[%emt 0:00:57]} 21. Bxe4 {[%emt 0:01:22]} fxe4 {[%emt 0:00:06]} 22. Rxe4 {[%emt 0:08:06]} Nxd4 {[%emt 0:00:19]} 23. Rxe8+ {[%emt 0:01:26]} Qxe8 {[%emt 0:00:01]} 24. Qe3 {[%emt 0:01:31]} Qd7 {[%emt 0:01:37]} 25. Rf1 {[%emt 0:01:02]} Re8 {[%emt 0:00:31]} 26. Qa3 {[%emt 0:00:41]} Ne2+ {[%emt 0:00:18]} 0-1

[Event "NOR-chT Eliteserien 2018-19"]
[Site "Norway"]
[Date "2019.01.12"]
[Round "5"]
[White "Lindbol, Aleksander"]
[Black "Moen, Ole Christian"]
[Result "1-0"]
[WhiteElo "2204"]
[BlackElo "2241"]
[Annotator "NA"]
[PlyCount "111"]
[EventDate "2018.11.02"]
[EventType "team-tourn"]
[EventCountry "NOR"]
[SourceTitle "playchess.com"]
[Source "ChessBase"]
[SourceQuality "1"]
[TimeControl "40/5400+30:1800+30"]

1. c4 {[%emt 0:00:00]} e5 {[%emt 0:04:21]} 2. g3 {[%emt 0:00:25]} g6 {[%emt 0:00:40]} 3. Bg2 {[%emt 0:02:00]} Bg7 {[%emt 0:01:05]} 4. Nc3 {[%emt 0:00:19]} d6 {[%emt 0:00:12]} 5. Nf3 {[%emt 0:03:57]} Nc6 {[%emt 0:01:38]} 6. d3 {[%emt 0:00:57]} f5 {[%emt 0:00:08]} 7. O-O {[%emt 0:05:45]} Nf6 {[%emt 0:00:31]} 8. Rb1 {[%emt 0:02:53]} a5 {[%emt 0:01:38]} 9. a3 {[%emt 0:03:59]} O-O {[%emt 0:02:48]} 10. b4 {[%emt 0:02:23]} axb4 {[%emt 0:00:26]} 11. axb4 {[%emt 0:00:08]} h6 {[%emt 0:03:03]} 12. Qc2 {[%emt 0:16:26]} g5 {[%emt 0:05:37]} 13. b5 {[%emt 0:06:25]} Ne7 {[%emt 0:08:26]} 14. Bb2 {[%emt 0:03:17]} Be6 {[%emt 0:07:16]} 15. Ra1 {[%emt 0:02:02]} Qd7 {[%emt 0:00:26]} 16. Rxa8 {[%emt 0:03:51]} Rxa8 {[%emt 0:00:23]} 17. Ra1 {[%emt 0:00:37]} Rxa1+ {[%emt 0:03:15]} 18. Bxa1 {[%emt 0:00:06]} c6 {[%emt 0:05:45]} 19. Qa4 {[%emt 0:10:43]} Kh7 {[%emt 0:06:19]} 20. c5 {[%emt 0:13:11]} g4 {[%emt 0:00:32]} 21. Nd2 {[%emt 0:04:11]} dxc5 {[%emt 0:09:24]} 22. Nc4 {[%emt 0:00:34]} Nfd5 {[%emt 0:06:48]} 23. bxc6 {[%emt 0:08:10]} Nxc6 {[%emt 0:00:40]} 24. Bxd5 {[%emt 0:00:50]} Bxd5 {[%emt 0:00:20]} 25. Nb6 {[%emt 0:00:15]} Qd8 {[%emt 0:02:58]} 26. Ncxd5 {[%emt 0:00:34]} Nb4 {[%emt 0:00:07]} 27. Nxb4 {[%emt 0:04:21]} Qxb6 {[%emt 0:00:10]} 28. Qd7 {[%emt 0:00:30]} cxb4 {[%emt 0:06:38]} 29. Bxe5 {[%emt 0:00:17]} Qg6 {[%emt 0:01:04]} 30. Qxb7 {[%emt 0:00:17]} h5 {[%emt 0:03:25]} 31. Kf1 {[%emt 0:01:58]} Kh6 {[%emt 0:03:34]} 32. Qxg7+ {[%emt 0:00:37]} Qxg7 {[%emt 0:00:05]} 33. Bxg7+ {[%emt 0:00:05]} Kxg7 {[%emt 0:00:05]} 34. Ke1 {[%emt 0:00:04]} Kf6 {[%emt 0:00:37]} 35. e3 {[%emt 0:01:12]} Ke5 {[%emt 0:00:11]} 36. Kd2 {[%emt 0:00:07]} Kd5 {[%emt 0:00:15]} 37. Kc2 {[%emt 0:02:27]} Kc5 {[%emt 0:00:08]} 38. Kb2 {[%emt 0:01:52]} Kb5 {[%emt 0:00:28]} 39. Kb3 {[%emt 0:00:17]} Ka5 {[%emt 0:00:05]} 40. e4 {[%emt 0:00:51]} fxe4 {[%emt 0:00:29]} 41. dxe4 {[%emt 0:30:04]} Kb5 {[%emt 0:30:07]} 42. e5 {[%emt 0:00:14]} Kc5 {[%emt 0:00:05]} 43. e6 {[%emt 0:00:11]} Kd6 {[%emt 0:00:04]} 44. Kxb4 {[%emt 0:00:09]} Kxe6 {[%emt 0:00:03]} 45. Kc4 {[%emt 0:00:05]} Ke5 {[%emt 0:01:02]} 46. Kd3 {[%emt 0:00:10]} Kd5 {[%emt 0:01:08]} 47. Ke3 {[%emt 0:00:07]} Ke5 {[%emt 0:00:05]} 48. f4+ {[%emt 0:00:43]} gxf3 {[%emt 0:00:07]} 49. Kxf3 {[%emt 0:00:07]} Kf5 {[%emt 0:00:06]} 50. h3 {[%emt 0:01:30]} Ke5 {[%emt 0:00:21]} 51. Ke3 {[%emt 0:01:01]} Kf5 {[%emt 0:00:11]} 52. Kd4 {[%emt 0:00:26]} Ke6 {[%emt 0:03:57]} 53. Ke4 {[%emt 0:00:00]} Kf6 {[%emt 0:00:00]} 54. Kf4 {[%emt 0:00:00]} Kg6 {[%emt 0:00:00]} 55. Ke5 {[%emt 0:00:00]} Kg5 {[%emt 0:00:00]} 56. h4+ {[%emt 0:00:00]} 1-0

[Event "NOR-chT Eliteserien 2018-19"]
[Site "Norway"]
[Date "2019.01.12"]
[Round "5"]
[White "Mihajlov, Svetoslav"]
[Black "Rygg, Andreas Gangstad"]
[Result "1-0"]
[WhiteElo "2147"]
[BlackElo "1869"]
[Annotator "NA"]
[PlyCount "115"]
[EventDate "2018.11.02"]
[EventType "team-tourn"]
[EventCountry "NOR"]
[SourceTitle "playchess.com"]
[Source "ChessBase"]
[SourceQuality "1"]
[TimeControl "40/5400+30:1800+30"]

1. c4 {[%emt 0:00:00]} e5 {[%emt 0:00:12]} 2. Nc3 {[%emt 0:00:00]} Nf6 {[%emt 0:00:30]} 3. g3 {[%emt 0:00:00]} g6 {[%emt 0:00:56]} 4. Bg2 {[%emt 0:00:40]} Bg7 {[%emt 0:01:57]} 5. Nf3 {[%emt 0:02:21]} Nc6 {[%emt 0:10:41]} 6. d4 {[%emt 0:02:52]} exd4 {[%emt 0:01:11]} 7. Nxd4 {[%emt 0:00:05]} O-O {[%emt 0:01:34]} 8. O-O {[%emt 0:00:12]} Rb8 {[%emt 0:04:54]} 9. Nc2 {[%emt 0:03:52]} d6 {[%emt 0:01:59]} 10. h3 {[%emt 0:00:48]} Be6 {[%emt 0:01:32]} 11. Ne3 {[%emt 0:10:51]} Qd7 {[%emt 0:03:45]} 12. Kh2 {[%emt 0:00:08]} Rfe8 {[%emt 0:04:16]} 13. Bd2 {[%emt 0:01:56]} a6 {[%emt 0:04:52]} 14. Rc1 {[%emt 0:05:16]} Ne7 {[%emt 0:10:41]} 15. Ncd5 {[%emt 0:06:33]} c6 {[%emt 0:04:56]} 16. Nxf6+ {[%emt 0:07:18]} Bxf6 {[%emt 0:00:08]} 17. Bc3 {[%emt 0:00:18]} Bxc3 {[%emt 0:05:02]} 18. Rxc3 {[%emt 0:00:08]} Qc7 {[%emt 0:05:54]} 19. Qd2 {[%emt 0:02:21]} Rbd8 {[%emt 0:03:28]} 20. Rd1 {[%emt 0:00:10]} Qa5 {[%emt 0:07:24]} 21. a3 {[%emt 0:03:32]} d5 {[%emt 0:03:01]} 22. Rd3 {[%emt 0:00:17]} Qxd2 {[%emt 0:03:35]} 23. R3xd2 {[%emt 0:02:43]} Nf5 {[%emt 0:01:01]} 24. Nxf5 {[%emt 0:00:12]} Bxf5 {[%emt 0:00:04]} 25. e3 {[%emt 0:00:16]} Rc8 {[%emt 0:03:39]} 26. cxd5 {[%emt 0:00:08]} cxd5 {[%emt 0:00:05]} 27. Bxd5 {[%emt 0:00:47]} Be4 {[%emt 0:01:15]} 28. Bxe4 {[%emt 0:00:16]} Rxe4 {[%emt 0:00:06]} 29. Rd8+ {[%emt 0:00:08]} Rxd8 {[%emt 0:01:28]} 30. Rxd8+ {[%emt 0:00:07]} Kg7 {[%emt 0:00:01]} 31. Rd7 {[%emt 0:00:15]} b5 {[%emt 0:00:49]} 32. Rd6 {[%emt 0:00:16]} Rc4 {[%emt 0:01:27]} 33. Kg2 {[%emt 0:00:05]} Rc2 {[%emt 0:11:32]} 34. b4 {[%emt 0:00:08]} a5 {[%emt 0:00:35]} 35. bxa5 {[%emt 0:01:20]} Rc3 {[%emt 0:00:05]} 36. Rb6 {[%emt 0:00:11]} Rxa3 {[%emt 0:00:26]} 37. Rxb5 {[%emt 0:00:08]} h5 {[%emt 0:01:37]} 38. g4 {[%emt 0:00:25]} hxg4 {[%emt 0:00:36]} 39. hxg4 {[%emt 0:00:06]} Ra4 {[%emt 0:00:27]} 40. f4 {[%emt 0:00:28]} Ra3 {[%emt 0:00:52]} 41. Kf3 {[%emt 0:30:08]} Ra4 {[%emt 0:03:35]} 42. g5 {[%emt 0:00:00]} Kh7 {[%emt 0:03:17]} 43. Re5 {[%emt 0:00:00]} Kg7 {[%emt 0:03:44]} 44. Ke2 {[%emt 0:00:00]} f6 {[%emt 0:04:14]} 45. Re7+ {[%emt 0:00:00]} Kf8 {[%emt 0:00:17]} 46. gxf6 {[%emt 0:00:00]} Rxa5 {[%emt 0:00:08]} 47. Rg7 {[%emt 0:00:00]} Rf5 {[%emt 0:01:48]} 48. Rxg6 {[%emt 0:00:00]} Rh5 {[%emt 0:00:04]} 49. Rg7 {[%emt 0:00:00]} Rh6 {[%emt 0:00:24]} 50. Kf3 {[%emt 0:00:00]} Rxf6 {[%emt 0:00:06]} 51. Ra7 {[%emt 0:00:00]} Rb6 {[%emt 0:01:14]} 52. f5 {[%emt 0:00:00]} Rb4 {[%emt 0:02:37]} 53. e4 {[%emt 0:00:00]} Rb5 {[%emt 0:00:13]} 54. Kf4 {[%emt 0:00:00]} Rc5 {[%emt 0:00:51]} 55. e5 {[%emt 0:00:00]} Rb5 {[%emt 0:00:46]} 56. e6 {[%emt 0:00:00]} Rc5 {[%emt 0:00:46]} 57. Kg5 {[%emt 0:00:00]} Rc6 {[%emt 0:05:50]} 58. Kg6 {[%emt 0:00:00]} 1-0